000 00861nam a22002297a 4500
005 20241108144011.0
010 _aENG-142602
020 _a9788192503950
_c275.00
035 _aEN-126134
037 _bDBAD
082 _a954.33
_21
245 _aBibliography and Abstracts of Papers in Flora of Kerela/
_cCompiled by P. Lakshminarasimhan...[et.al]
250 _a1
260 _aHowrah, Kolkata
_bBotanical Survey of India
270 _aMinistry of Environment ,Forest & Climate Change, Govt. of India,3rd MSO Building, CGO Complex
_bHowrah,Kolkata
_e711103
300 _a288p.
_c24cm.(pb)
_bill.
700 _aLakshminarasimhan, P.
_eCompiled
_973809
700 _aArisdason, W.
_eCompiled
_973810
700 _aGantait, Soumen
_eCompiled
_973811
700 _aBandyopadhyay, Subir
_eCompiled
_973812
942 _2ddc
_cEN
_mBIB
_h954.33
999 _c206937
_d206937